|
|
|
|
| LEADER |
00000nam0a2200000 4500 |
| 001 |
191379 |
| 005 |
20231101224341.0 |
| 010 |
|
|
|a 9785930371963
|
| 035 |
|
|
|a (RuTPU)RU\TPU\book\208680
|
| 090 |
|
|
|a 191379
|
| 100 |
|
|
|a 20110204d2011 km y0rusy50 ca
|
| 101 |
0 |
|
|a rus
|
| 102 |
|
|
|a RU
|
| 105 |
|
|
|a a g 001zy
|
| 200 |
1 |
|
|a Справочник сварщика
|f Р. А. Кисаримов
|
| 205 |
|
|
|a 2-е изд., стер.
|
| 210 |
|
|
|a Москва
|c РадиоСофт
|d 2011
|
| 215 |
|
|
|a 288 с.
|c ил.
|
| 320 |
|
|
|a Библиогр.: с. 286.
|
| 330 |
|
|
|a В справочнике рассказывается о принципе действия электросварки, о процессах в сварочной дуге, о получении сварного шва и сварных соединениях. Приводятся данные по электродам, в том числе по видам покрытия электродов, группам и маркам электродов и их свойствам в зависимости от назначения. Рассмотрены основные виды и марки источников сварочного тока. Даны рекомендации по безопасности при сварочных работах. Рассмотрены основы технологии сварочных работ. Справочник предназначен для сварщиков, учащихся соответствующих специальностей и для всех интересующихся данной профессией.
|
| 606 |
1 |
|
|a Сварочное производство
|2 stltpush
|3 (RuTPU)RU\TPU\subj\54028
|9 72190
|
| 610 |
1 |
|
|a сварка
|
| 610 |
1 |
|
|a термины
|
| 610 |
1 |
|
|a определения
|
| 610 |
1 |
|
|a графические обозначения
|
| 610 |
1 |
|
|a электродуговая сварка
|
| 610 |
1 |
|
|a классификация
|
| 610 |
1 |
|
|a электрическая дуга
|
| 610 |
1 |
|
|a процессы
|
| 610 |
1 |
|
|a свойства
|
| 610 |
1 |
|
|a электроды
|
| 610 |
1 |
|
|a источники тока
|
| 610 |
1 |
|
|a сварочные работы
|
| 610 |
1 |
|
|a безопасность
|
| 610 |
1 |
|
|a ручная дуговая сварка
|
| 610 |
1 |
|
|a технология
|
| 610 |
1 |
|
|a контактная сварка
|
| 610 |
1 |
|
|a сварка под флюсом
|
| 610 |
1 |
|
|a сварка в защитных газах
|
| 610 |
1 |
|
|a справочники
|
| 675 |
|
|
|a 621.791(035)
|v 3
|
| 700 |
|
1 |
|a Кисаримов
|b Р. А.
|g Рудольф Александрович
|
| 801 |
|
1 |
|a RU
|b 63413507
|c 20110204
|
| 801 |
|
2 |
|a RU
|b 63413507
|c 20131126
|g RCR
|
| 900 |
|
|
|a Сварка давлением и плавлением
|
| 942 |
|
|
|c BK
|
| 959 |
|
|
|a 20/20110204
|d 1
|e 99,00
|f ЧЗТЛ:1
|
| 959 |
|
|
|a 87/20111004
|d 1
|e 99,00
|f АНЛ:1
|